| 000 | 00835nam a2200133Ia 4500 | ||
|---|---|---|---|
| 008 | 100328s9999 xx 000 0 und d | ||
| 082 | _b59343 | ||
| 100 | _aभावे राम. | ||
| 245 | _aअण्णू ,बण्ण,टण्णू आणि सरकारी चक्र (स्त्री पात्र विरहीत विनोदी एकांकिका). | ||
| 260 | _bआभा. | ||
| 630 | _aअण्णू ,बण्ण,टण्णू आणि सरकारी चक्र (स्त्री पात्र विरहीत विनोदी एकांकिका). | ||
| 730 | _aअण्णू ,बण्ण,टण्णू आणि सरकारी चक्र (स्त्री पात्र विरहीत विनोदी एकांकिका). | ||
| 942 | _cBOOK | ||
| 999 |
_c545580 _d545577 |
||